Doing business with Poland / (Record no. 126091)

MARC details
000 -LEADER
fixed length control field 00684nam a22002297a 4500
005 - DATE AND TIME OF LATEST TRANSACTION
control field 20170124110004.0
010 ## - LIBRARY OF CONGRESS CONTROL NUMBER
LC control number A-953328
020 ## - INTERNATIONAL STANDARD BOOK NUMBER
Terms of availability 200.00
International Standard Book Number 8190087207
035 ## - SYSTEM CONTROL NUMBER
System control number A-953328
037 ## - SOURCE OF ACQUISITION
Source of stock number/acquisition Cen Lib/Ret
040 ## - CATALOGING SOURCE
Original cataloging agency DPL
Language of cataloging EN
082 ## - DEWEY DECIMAL CLASSIFICATION NUMBER
Classification number 382.540438
Item number GUR
100 ## - MAIN ENTRY--PERSONAL NAME
Personal name Gurdip Singh
9 (RLIN) 16544
245 ## - TITLE STATEMENT
Title Doing business with Poland /
Statement of responsibility, etc by Gurdip Singh
260 ## - PUBLICATION, DISTRIBUTION, ETC. (IMPRINT)
Place of publication, distribution, etc New Delhi
Name of publisher, distributor, etc Himala Pblishers
Date of publication, distribution, etc 1998
270 ## - ADDRESS
City New Delhi
Address B-3-69, Safdarjang enclave
300 ## - PHYSICAL DESCRIPTION
Extent various pagings
Dimensions 19cm(Hb)
650 ## - SUBJECT ADDED ENTRY--TOPICAL TERM
Topical term or geographic name as entry element Business studies
Geographic subdivision Poland
9 (RLIN) 16545
650 ## - SUBJECT ADDED ENTRY--TOPICAL TERM
Topical term or geographic name as entry element Iternational relations
9 (RLIN) 16546
700 ## - ADDED ENTRY--PERSONAL NAME
9 (RLIN) 16507
942 ## - ADDED ENTRY ELEMENTS (KOHA)
Source of classification or shelving scheme Dewey Decimal Classification
Koha item type English Books
Classification part 382.540438
Call number suffix GUR
Holdings
Withdrawn status Lost status Damaged status Not for loan Home library Current library Date acquired Source of acquisition Cost, normal purchase price Total Checkouts Full call number Barcode Date last seen Copy number Cost, replacement price Price effective from Koha item type Public note
Written off       Central Library Central Library 24/06/2015 Cen Lib/Ret 200.00   382.540438 GUR A-953328 24/06/2015 1 200.00 24/06/2015 English Books Written off on approval by DLB (By Circulation); dtd 15-06-2023

© Delhi Public Library
Hit Counter
free hit counter